Ustad Daman / (Record no. 525602)

000 -LEADER
fixed length control field 00451nam a22001817a 4500
003 - CONTROL NUMBER IDENTIFIER
control field NUST
005 - DATE AND TIME OF LATEST TRANSACTION
control field 20190703070212.0
038 ## - RECORD CONTENT LICENSOR
Staff Name Faiza
082 ## - DEWEY DECIMAL CLASSIFICATION NUMBER
Classification number 891.4911
Author Mark ZAH
100 ## - MAIN ENTRY--PERSONAL NAME
Personal name Zahoor, Tanveer
9 (RLIN) 14892
245 ## - TITLE STATEMENT
Title Ustad Daman /
Statement of responsibility, etc. Tanveer Zahoor
260 ## - PUBLICATION, DISTRIBUTION, ETC.
Place of publication, distribution, etc. Lahore:
Name of publisher, distributor, etc. Sachal,
Date of publication, distribution, etc. 2009.
300 ## - PHYSICAL DESCRIPTION
Extent 213p. ;
500 ## - GENERAL NOTE
General note Hard Cover
880 ## - ALTERNATE GRAPHIC REPRESENTATION
Linkage 100-01\r
Title تنویر ظہور
880 ## - ALTERNATE GRAPHIC REPRESENTATION
Linkage 245-02\r
Title /اُستاد دامن
942 ## - ADDED ENTRY ELEMENTS (KOHA)
Source of classification or shelving scheme
Koha item type Book
Holdings
Withdrawn status Lost status Source of classification or shelving scheme Damaged status Not for loan Permanent Location Current Location Shelving location Date acquired Total Checkouts Full call number Barcode Date last seen Price effective from Koha item type
          Central Library (CL) Central Library (CL) Punjabi Literature 10/17/2019   891.4911 ZAH CL-E-63 10/17/2019 10/17/2019 Book
© 2023 Central Library, National University of Sciences and Technology. All Rights Reserved.